Advances in agronomy; Vol. 56

Tallennettuna:
Bibliografiset tiedot
Aineistotyyppi: Kirja
Kieli:Undetermined
Julkaistu: London Academic Press 1996
Aiheet:
Tagit: Lisää tagi
Ei tageja, Lisää ensimmäinen tagi!
Thư viện lưu trữ: Trung tâm Học liệu Trường Đại học Cần Thơ
LEADER 00454nam a2200157Ia 4500
001 CTU_38516
008 210402s9999 xx 000 0 und d
082 |a 631.5 
082 |b S736/Vol.56 
245 0 |a Advances in agronomy; Vol. 56 
260 |a London 
260 |b Academic Press 
260 |c 1996 
650 |a plant-soil relationships,seeds,soil pollution,soils 
904 |i Liên, 990409 
980 |a Trung tâm Học liệu Trường Đại học Cần Thơ